000 00556nam a2200193Ia 4500
005 20250326140940.0
008 250326s9999 xx 000 0 und d
020 _a0-02-305891-9
037 _aTextbook
040 _aFMSL
_beng
_cFMSL
041 _aeng
_2eng
084 _aX:8D.1 N8
_qFMSL
100 _aBaker J C
245 0 _aInternational fice: management, markets, and institutions
_cBaker J C
260 _aNew Jersey
_bNew Jersey, Prentice-Hall
_c1998
300 _axxii,538
942 _cTB
_hX:8D.1 N8
999 _c1288002
_d1288002